Niezapomniane Jedenastki #29: Napoli 2012/2013 - Statystyki

Ogólne statystyki
  • Ten quiz został rozwiązany 59 razy
  • Średni wynik to 5 z 11
Statystyki odpowiedzi
Pozycja Kraj Inicjały Zawodnik % Poprawnych
N Urugwaj EC Edinson Cavani
98%
ŚPO Słowacja MH Marek Hamsik
98%
N Macedonia GP Goran Pandev
87%
ŚP Szwajcaria GI Gokhan Inler
60%
ŚP Szwajcaria VB Valon Behrami
45%
LO Kolumbia CZ Camilo Zuniga
38%
BR Włochy MdS Morgan De Sanctis
36%
ŚO Włochy PC Paolo Cannavaro
28%
PO Włochy CM Christian Maggio
21%
ŚO Argentyna HC Hugo Campagnaro
13%
ŚO Włochy AG Alessandro Gamberini
2%
Nie znaleziono quizów pasujących do podanych kryteriów
Rozkład punktacji
Procent ludzi z każdym wynikiem
Percentyl według liczby udzielonych odpowiedzi
Twoja historia wyników
Nie rozwiązałeś tego quizu